000 00670nam a2200241 a 4500
999 _c4301
_d4301
001 4301
003 BD-JhCC
005 20171126085926.0
008 171125b1965 i a|||| || | 001 0 eng d
035 _a(BD-JhCC)4301
040 _aBD-JhCC
_dBD-JhCC
041 _aeng
082 _a910
_bHEI 1965
100 _aHeintzelman, Oliver H.
245 _aWorld Regional Geography /
_cOliver H. Heintzelman and Richard M. Highsmith, JR.
250 _a2nd ed.
260 _aNew Delhi :
_bPrentice-Hall of India (Privet) LTD,
_c1965
300 _a391 p. :
_bill. ;
_c24 cm.
650 _aGeography
700 _aHighsmith, Richard M.
942 _2ddc
_cBK